[Event "4NCL"]
[Site "Barcelo Hotel, Hinckley Island"]
[Date "2011.01.15"]
[Round "3.15"]
[White "Berczes, David"]
[Black "Morrison, Graham"]
[Result "1-0"]
[WhiteElo "2535"]
[BlackElo "2340"]
[PlyCount "67"]
[EventDate "2011.??.??"]
[WhiteTeam "Wood Green Hilsmark 1"]
[BlackTeam "Barbican 4NCL 2"]

1. d4 Nf6 2. c4 e6 3. Nf3 b6 4. g3 Bb7 5. Bg2 Be7 6. Nc3 Ne4 7. Bd2 f5 8. Qc2
Na6 9. a3 Nxc3 10. Bxc3 Bf6 11. b4 c5 12. dxc5 bxc5 13. b5 Nc7 14. O-O d6 15.
Rfd1 Be4 16. Qd2 Bxc3 17. Qxc3 Qe7 18. Nd2 Bxg2 19. Kxg2 O-O 20. Nb3 e5 21. Rd2
f4 22. Rad1 f3+ 23. exf3 Rf6 24. Nxc5 Raf8 25. Ne4 Rxf3 26. Rd3 Rxd3 27. Qxd3
Rd8 28. Nxd6 e4 29. Qd4 Qf8 30. Kg1 Qf3 31. Re1 Qxa3 32. c5 Qb3 33. Qxe4 Qxb5
34. Qe8+ 1-0

[Event "4NCL"]
[Site "Barcelo Hotel, Hinckley Island"]
[Date "2011.01.15"]
[Round "3.15"]
[White "Dorrington, Chris J"]
[Black "Gordon, Stephen J"]
[Result "0-1"]
[WhiteElo "2263"]
[BlackElo "2528"]
[PlyCount "78"]
[EventDate "2011.??.??"]
[WhiteTeam "Barbican 4NCL 2"]
[BlackTeam "Wood Green Hilsmark 1"]

1. d4 Nf6 2. c4 e6 3. Nc3 Bb4 4. e3 O-O 5. Nge2 d5 6. a3 Bd6 7. Ng3 c5 8. cxd5
exd5 9. Be2 Be6 10. O-O cxd4 11. exd4 Nc6 12. Na4 Ne4 13. Be3 Qh4 14. Nc5 Nxd4
15. Nxb7 Nf5 16. Nxd6 Nxe3 17. fxe3 Nxd6 18. Rf4 Qe7 19. Qd4 a5 20. Bd3 Qa7 21.
Qe5 Rae8 22. Rd4 Nc4 23. Bxc4 dxc4 24. Ne4 Qb8 25. Qxa5 Qxb2 26. Rf1 f6 27. Qc5
Qb3 28. Rd6 Bf7 29. Qd4 Bg6 30. Nc3 Qxa3 31. Rd7 Qa6 32. Rf4 Qe6 33. Kf2 Rf7
34. Rd8 Rxd8 35. Qxd8+ Rf8 36. Qd4 Bd3 37. e4 Ra8 38. Kg3 Qe5 39. Qd7 g5 0-1

[Event "4NCL"]
[Site "Barcelo Hotel, Hinckley Island"]
[Date "2011.01.15"]
[Round "3.15"]
[White "Piper, Matthew S"]
[Black "Szabo, Krisztian"]
[Result "0-1"]
[WhiteElo "2341"]
[BlackElo "2517"]
[PlyCount "80"]
[EventDate "2011.??.??"]
[WhiteTeam "Barbican 4NCL 2"]
[BlackTeam "Wood Green Hilsmark 1"]

1. e4 c5 2. Nf3 d6 3. d4 cxd4 4. Nxd4 Nf6 5. Nc3 a6 6. Be3 e5 7. Nb3 Be7 8. f3
Be6 9. Qd2 O-O 10. O-O-O a5 11. Qe1 Qc8 12. a3 a4 13. Nd2 Na6 14. Qf2 b5 15.
Bxb5 Nc7 16. Bxa4 d5 17. Bb3 d4 18. Bxd4 exd4 19. Qxd4 Qa6 20. Qd3 Qa7 21. Bxe6
Nxe6 22. Nc4 Rfd8 23. Nd5 Nxd5 24. exd5 Nf4 25. Qe4 Nxg2 26. f4 Nh4 27. Rd3 Bf6
28. Ne5 Qb7 29. Rhd1 Rac8 30. Qa4 Nf5 31. Rb3 Qe7 32. Nc6 Qd7 33. Qa6 Re8 34.
Qb6 Qd6 35. Qb4 Qc7 36. Qd2 g6 37. a4 Bd4 38. Kb1 Be3 39. Qc3 Bxf4 40. a5 Ne3
0-1

[Event "4NCL"]
[Site "Barcelo Hotel, Hinckley Island"]
[Date "2011.01.15"]
[Round "3.15"]
[White "Arakhamia-Grant, Ketevan E"]
[Black "Sands, David A"]
[Result "1/2-1/2"]
[WhiteElo "2458"]
[BlackElo "2238"]
[PlyCount "133"]
[EventDate "2011.??.??"]
[WhiteTeam "Wood Green Hilsmark 1"]
[BlackTeam "Barbican 4NCL 2"]

1. e4 c5 2. Nf3 e6 3. d4 cxd4 4. Nxd4 a6 5. Bd3 Nf6 6. O-O Qc7 7. Qe2 d6 8. c4
g6 9. Nc3 Bg7 10. Nf3 O-O 11. h3 Nc6 12. Rd1 Nd7 13. Bf4 Nce5 14. Rac1 b6 15.
b3 Bb7 16. Bb1 Nxf3+ 17. Qxf3 Ne5 18. Qg3 Rfe8 19. Be3 Rab8 20. Bd4 Ba8 21. f4
Nd7 22. Bxg7 Kxg7 23. Qe3 d5 24. Qd4+ Kg8 25. exd5 exd5 26. cxd5 Qd6 27. Ne4
Qxf4 28. Rf1 Qe5 29. Qxe5 Rxe5 30. Rc7 f5 31. Rxd7 fxe4 32. d6 Bd5 33. Rc1 e3
34. Bd3 e2 35. Re7 Rxe7 36. dxe7 Re8 37. Bxe2 b5 38. Rc5 Rxe7 39. Bxb5 Bxb3 40.
axb3 axb5 41. Rxb5 Re2 42. Rb7 h5 43. b4 Rb2 44. h4 Kf8 45. Kh2 Rb3 46. Kg1 Rb2
47. Kf1 Kg8 48. g3 Kf8 49. b5 Kg8 50. Ke1 Kf8 51. Kd1 Ke8 52. b6 Kd8 53. Rb8+
Kd7 54. b7 Kc6 55. Rg8 Rxb7 56. Rxg6+ Kd5 57. Rg5+ Ke4 58. Rxh5 Rg7 59. Ra5
Rxg3 60. Ke2 Rg2+ 61. Kf1 Rb2 62. h5 Kf4 63. Kg1 Kg4 64. h6 Rb7 65. Kf2 Rh7 66.
Ra6 Kg5 67. Kg3 1/2-1/2

[Event "4NCL"]
[Site "Barcelo Hotel, Hinckley Island"]
[Date "2011.01.15"]
[Round "3.15"]
[White "Bhatia, Kanwal K"]
[Black "Hanley, Craig A"]
[Result "0-1"]
[WhiteElo "2087"]
[BlackElo "2433"]
[PlyCount "75"]
[EventDate "2011.??.??"]
[WhiteTeam "Barbican 4NCL 2"]
[BlackTeam "Wood Green Hilsmark 1"]

1. e4 c5 2. c3 b6 3. d4 Bb7 4. Bd3 Nf6 5. Qe2 cxd4 6. cxd4 Nc6 7. Nf3 Nb4 8.
Nc3 Nxd3+ 9. Qxd3 g6 10. O-O Bg7 11. Bf4 O-O 12. Qe3 a6 13. Rfe1 b5 14. a3 Rc8
15. h3 d6 16. Rad1 Rc7 17. d5 Qa8 18. Bh6 Rfc8 19. Bxg7 Kxg7 20. Rd3 Rc5 21.
Red1 Qb8 22. b4 R5c7 23. e5 dxe5 24. Nxe5 Rd8 25. Qf4 Rc4 26. Qg3 Ne4 27. Nxe4
Rxe4 28. f4 Qa7+ 29. Kh2 Re2 30. Nc6 Bxc6 31. dxc6 Rc8 32. Rd7 Qb6 33. Qc3+ f6
34. c7 Qe6 35. Qd3 Kf7 36. Qd5 Qxd5 37. R1xd5 Rc2 38. Rc5 0-1

[Event "4NCL"]
[Site "Barcelo Hotel, Hinckley Island"]
[Date "2011.01.15"]
[Round "3.16"]
[White "Rendle, Thomas E"]
[Black "Cuenca Jimenez, Jose Fernando"]
[Result "1-0"]
[WhiteElo "2391"]
[BlackElo "2496"]
[PlyCount "177"]
[EventDate "2011.??.??"]
[WhiteTeam "Sambuca Sharks"]
[BlackTeam "Guildford A&DC 1"]

1. e4 d6 2. d4 Nf6 3. Nc3 e5 4. dxe5 dxe5 5. Qxd8+ Kxd8 6. Bc4 Bb4 7. Bg5 Bxc3+
8. bxc3 Be6 9. Bxe6 fxe6 10. Rb1 Nbd7 11. f3 b6 12. Nh3 h6 13. Be3 Ke7 14. Nf2
Ne8 15. h4 Nd6 16. h5 Nc4 17. Bc1 Nf6 18. Nd1 Rad8 19. Ne3 Nxe3 20. Bxe3 Rd6
21. g4 Rc6 22. Bd2 Rc5 23. Ke2 Ra5 24. Ra1 Ra3 25. Rhb1 a5 26. Rb3 Ra4 27. a3
Rc4 28. Rg1 Kf7 29. Rb5 Nd7 30. g5 hxg5 31. Rxg5 Rc6 32. Rb1 Nf6 33. Rh1 Rc5
34. Be1 Rb5 35. Bg3 Rb2 36. Bxe5 Rxc2+ 37. Kd3 Rf2 38. Ke3 Ra2 39. Bxc7 Rxa3
40. Be5 Rh7 41. Rd1 b5 42. Bxf6 gxf6 43. Rc5 Kg8 44. Rc8+ Kg7 45. Rg1+ Kh6 46.
Kf4 b4 47. Rcg8 Ra2 48. cxb4 axb4 49. R8g6+ Kxh5 50. Rxf6 Rh2 51. Rg5+ Kh4 52.
Rxe6 b3 53. Rg7 Rh8 54. Re8 Rh6 55. Re6 Rh8 56. Re8 Rh6 57. Rb8 b2 58. Rgb7 Rf2
59. e5 Rc2 60. Rxb2 Rc4+ 61. Ke3 Ra6 62. R8b4 Ra3+ 63. Ke2 Rxb4 64. Rxb4+ Kg5
65. Re4 Ra7 66. e6 Kf6 67. Ke3 Ke7 68. Kf4 Ra3 69. Kg4 Rb3 70. f4 Rb1 71. Kf5
Rd1 72. Re5 Rh1 73. Kg6 Rf1 74. Rf5 Kxe6 75. Re5+ Kd6 76. Kf5 Rf2 77. Re1 Rh2
78. Kf6 Rf2 79. Rd1+ Kc7 80. f5 Rf3 81. Ke6 Re3+ 82. Kf7 Rf3 83. f6 Rf2 84. Ke7
Re2+ 85. Kf8 Rf2 86. f7 Rf4 87. Rd2 Kc8 88. Rd5 Kc7 89. Ke7 1-0

[Event "4NCL"]
[Site "Barcelo Hotel, Hinckley Island"]
[Date "2011.01.15"]
[Round "3.16"]
[White "Brunner, Nicolas"]
[Black "Roberson, Peter T"]
[Result "1-0"]
[WhiteElo "2478"]
[BlackElo "2274"]
[PlyCount "77"]
[EventDate "2011.??.??"]
[WhiteTeam "Guildford A&DC 1"]
[BlackTeam "Sambuca Sharks"]

1. d4 e6 2. c4 b6 3. e4 Bb7 4. Bd3 Bb4+ 5. Bd2 Bxd2+ 6. Qxd2 f5 7. Nc3 Nf6 8.
f3 Nc6 9. e5 Ng8 10. Qf2 d6 11. exd6 Qxd6 12. Nge2 O-O-O 13. O-O-O Nxd4 14.
Bxf5 exf5 15. Nxd4 Nf6 16. Ncb5 Qf4+ 17. Qd2 Qxd2+ 18. Rxd2 Ba6 19. Nxa7+ Kb7
20. Nab5 g6 21. Rhd1 Rhe8 22. b3 c5 23. Nxf5 Rxd2 24. Kxd2 gxf5 25. Nd6+ Kc6
26. Nxe8 Nxe8 27. Ke3 Nd6 28. Kf4 Bc8 29. Ke5 Nf7+ 30. Kf6 Nd6 31. h4 b5 32.
cxb5+ Nxb5 33. Rd8 Ba6 34. Rh8 Nc3 35. Rxh7 Nxa2 36. h5 Nc1 37. h6 f4 38. Re7
Bd3 39. Re4 1-0

[Event "4NCL"]
[Site "Barcelo Hotel, Hinckley Island"]
[Date "2011.01.15"]
[Round "3.16"]
[White "Williams, Samuel G"]
[Black "Cherniaev, Alexander"]
[Result "0-1"]
[WhiteElo "2190"]
[BlackElo "2446"]
[PlyCount "50"]
[EventDate "2011.??.??"]
[WhiteTeam "Sambuca Sharks"]
[BlackTeam "Guildford A&DC 1"]

1. d4 Nf6 2. c4 d6 3. Nc3 e5 4. Nf3 e4 5. Nd2 Bf5 6. g4 Bxg4 7. Ndxe4 Nxe4 8.
Nxe4 Nc6 9. Bg2 Be7 10. h3 Bd7 11. b3 f5 12. Nc3 Bh4 13. Rg1 O-O 14. Bb2 Rb8
15. Bd5+ Kh8 16. Bxc6 bxc6 17. d5 c5 18. Qd3 Rf7 19. Rg2 Qe7 20. O-O-O Bg5+ 21.
Kb1 f4 22. Ka1 Bf5 23. Qf3 Bf6 24. Qxf4 Bxh3 25. Rg3 Bxc3 0-1

[Event "4NCL"]
[Site "Barcelo Hotel, Hinckley Island"]
[Date "2011.01.15"]
[Round "3.16"]
[White "Camacho Collados, Marcos"]
[Black "Murphy, Hugh W"]
[Result "1-0"]
[WhiteElo "2376"]
[BlackElo "2191"]
[PlyCount "73"]
[EventDate "2011.??.??"]
[WhiteTeam "Guildford A&DC 1"]
[BlackTeam "Sambuca Sharks"]

1. e4 c6 2. d4 d5 3. exd5 cxd5 4. Bd3 Nc6 5. c3 Qc7 6. h3 g6 7. Ne2 Bf5 8. Bxf5
gxf5 9. Bf4 Qd7 10. Nd2 Nf6 11. Nf3 Rg8 12. O-O Ne4 13. Ne5 Nxe5 14. dxe5 e6
15. b4 Rc8 16. Qd3 Rc4 17. Rac1 Be7 18. f3 Ng5 19. Kh1 h5 20. Nd4 Bd8 21. Qd2
Nh7 22. Be3 Nf8 23. a4 a6 24. a5 Ng6 25. f4 Ne7 26. Qe2 Rh8 27. Nb3 Qb5 28.
Rfe1 Ng6 29. Nd2 Nxf4 30. Qf1 Ng6 31. Nxc4 Qxc4 32. Qxc4 dxc4 33. Rcd1 Bh4 34.
Re2 Bg3 35. Bg5 Ne7 36. Bf6 Rg8 37. Red2 1-0

[Event "4NCL"]
[Site "Barcelo Hotel, Hinckley Island"]
[Date "2011.01.15"]
[Round "3.16"]
[White "Kafka, Graeme"]
[Black "Povah, Nigel E"]
[Result "0-1"]
[WhiteElo "2075"]
[BlackElo "2336"]
[PlyCount "70"]
[EventDate "2011.??.??"]
[WhiteTeam "Sambuca Sharks"]
[BlackTeam "Guildford A&DC 1"]

1. e4 c5 2. Nf3 e6 3. d4 cxd4 4. Nxd4 Nf6 5. Nc3 Nc6 6. Ndb5 d6 7. Bf4 e5 8.
Bg5 a6 9. Na3 b5 10. Bxf6 gxf6 11. Nd5 f5 12. Bd3 Be6 13. c3 Bxd5 14. exd5 Ne7
15. Nxb5 Bg7 16. Na3 O-O 17. O-O e4 18. Be2 Ng6 19. f3 Qb6+ 20. Kh1 Qxb2 21.
Nc4 Qxc3 22. Rc1 Qb4 23. Rb1 Qc5 24. Nb6 Ra7 25. fxe4 fxe4 26. Bg4 Rb8 27. Nd7
Rxb1 28. Qxb1 Qb5 29. Qe1 Qxd5 30. Qf2 Rb7 31. Nf6+ Bxf6 32. Qxf6 Qe5 33. Qd8+
Kg7 34. Qc8 Rb2 35. Qd7 Rf2 0-1

[Event "4NCL"]
[Site "Barcelo Hotel, Hinckley Island"]
[Date "2011.01.15"]
[Round "3.16"]
[White "Thompson, Ian D"]
[Black "Ruston, Mark R"]
[Result "1-0"]
[WhiteElo "2264"]
[BlackElo "2110"]
[PlyCount "53"]
[EventDate "2011.??.??"]
[WhiteTeam "Guildford A&DC 1"]
[BlackTeam "Sambuca Sharks"]

1. c4 e6 2. Nc3 f5 3. g3 Nf6 4. Bg2 Be7 5. e3 O-O 6. Nge2 e5 7. O-O d6 8. d3 c6
9. f4 Ng4 10. h3 Nh6 11. b4 Be6 12. b5 e4 13. Rb1 d5 14. bxc6 bxc6 15. Nd4 Bf7
16. cxd5 cxd5 17. g4 fxg4 18. hxg4 Qc8 19. Bd2 Nxg4 20. Rc1 Qd7 21. dxe4 dxe4
22. Bxe4 Bc5 23. Bf5 Qd8 24. Qxg4 Bxd4 25. exd4 Qxd4+ 26. Rf2 Nc6 27. Ne4 1-0

[Event "4NCL"]
[Site "Barcelo Hotel, Hinckley Island"]
[Date "2011.01.15"]
[Round "3.16"]
[White "Hasman, Cengiz"]
[Black "Granat, Russell G"]
[Result "1-0"]
[WhiteElo "2097"]
[BlackElo "2243"]
[PlyCount "135"]
[EventDate "2011.??.??"]
[WhiteTeam "Sambuca Sharks"]
[BlackTeam "Guildford A&DC 1"]

1. d4 d5 2. c4 Bf5 3. Nc3 e6 4. Nf3 Nc6 5. a3 Nf6 6. e3 Be7 7. Be2 O-O 8. O-O
a6 9. b4 Ne4 10. Bb2 Bf6 11. Nxe4 Bxe4 12. Bd3 Bg6 13. Bxg6 fxg6 14. Qe2 Qd6
15. Rad1 Rae8 16. e4 Qf4 17. e5 Bd8 18. cxd5 exd5 19. b5 Nb8 20. h3 g5 21. bxa6
bxa6 22. Nd2 Re6 23. Nb3 Be7 24. Rc1 c6 25. Rc3 Qh4 26. Qg4 Qh6 27. Rf3 Qg6 28.
Rxf8+ Bxf8 29. f4 gxf4 30. Qxf4 Be7 31. Qf5 Qxf5 32. Rxf5 Nd7 33. a4 Nb6 34. a5
Nc4 35. Bc3 Rg6 36. Rf3 h6 37. Kf2 Re6 38. Ke2 Ba3 39. Kd3 Re8 40. Nd2 Nxd2 41.
Bxd2 Rf8 42. Rg3 Kf7 43. Kc2 Be7 44. Rb3 c5 45. dxc5 Bxc5 46. Rb7+ Ke6 47. Rxg7
Kxe5 48. Kd3 Rf2 49. Rc7 Bf8 50. Bc3+ Ke6 51. Rc6+ Kd7 52. Rg6 Be7 53. Rxa6 Bg5
54. h4 Bxh4 55. Rxh6 Bg5 56. Rh7+ Kc6 57. a6 Rxg2 58. a7 Ra2 59. Bd4 Ra3+ 60.
Kc2 Bd8 61. Kb2 Ra5 62. Bc3 Ra4 63. Kb3 Kb5 64. Bd4 Rb4+ 65. Kc3 Rc4+ 66. Kd3
Ra4 67. Rb7+ Kc6 68. Rb8 1-0

[Event "4NCL"]
[Site "Barcelo Hotel, Hinckley Island"]
[Date "2011.01.15"]
[Round "3.16"]
[White "Grigoryan, Meri"]
[Black "Oliver, Shannon"]
[Result "1-0"]
[WhiteElo "2064"]
[BlackElo "1925"]
[PlyCount "83"]
[EventDate "2011.??.??"]
[WhiteTeam "Guildford A&DC 1"]
[BlackTeam "Sambuca Sharks"]

1. d4 d5 2. c4 e6 3. Nc3 Nf6 4. Bg5 Be7 5. e3 O-O 6. Nf3 h6 7. Bh4 c6 8. Rc1
Nbd7 9. cxd5 exd5 10. Bd3 Nb6 11. Ne5 Be6 12. Bb1 Nbd7 13. Qd3 Re8 14. O-O Nf8
15. f4 Rc8 16. Rf3 Rc7 17. h3 Nh5 18. Be1 Bh4 19. g3 Be7 20. g4 Nf6 21. Bg3 Bd6
22. Rcf1 Bxe5 23. dxe5 N6h7 24. f5 Bc8 25. h4 b6 26. b4 Rb7 27. b5 cxb5 28.
Nxd5 Rd7 29. Rd1 Bb7 30. e4 Bc6 31. a3 Qa8 32. Ba2 Qb7 33. Qf1 Kh8 34. Rfd3
Red8 35. Qf4 Qa8 36. g5 hxg5 37. hxg5 g6 38. e6 fxe6 39. Qe5+ Kg8 40. fxe6 Rb7
41. e7 Rxe7 42. Nxe7# 1-0

[Event "4NCL"]
[Site "Barcelo Hotel, Hinckley Island"]
[Date "2011.01.15"]
[Round "3.17"]
[White "Mah, Karl CC"]
[Black "Slavin, Alexei"]
[Result "1/2-1/2"]
[WhiteElo "2428"]
[BlackElo "2417"]
[PlyCount "48"]
[EventDate "2011.??.??"]
[WhiteTeam "Cambridge University 1"]
[BlackTeam "e2e4.org.uk 1"]

1. Nf3 c5 2. g3 g6 3. Bg2 Bg7 4. O-O Nc6 5. c4 e5 6. Nc3 Nge7 7. d3 O-O 8. a3
d6 9. Rb1 a5 10. Ne1 Be6 11. Nd5 Rb8 12. Nxe7+ Nxe7 13. b4 cxb4 14. axb4 d5 15.
bxa5 dxc4 16. Ba3 Re8 17. dxc4 Qxa5 18. Qc1 Qa6 19. Nd3 Qxc4 20. Bd6 Rbd8 21.
Bxe5 Bxe5 22. Nxe5 Qxe2 23. Re1 Qd2 24. Rxb7 Qxc1 1/2-1/2

[Event "4NCL"]
[Site "Barcelo Hotel, Hinckley Island"]
[Date "2011.01.15"]
[Round "3.17"]
[White "Zhou, Yang-Fan"]
[Black "Dearing, Edward J"]
[Result "1-0"]
[WhiteElo "2325"]
[BlackElo "2412"]
[PlyCount "67"]
[EventDate "2011.??.??"]
[WhiteTeam "e2e4.org.uk 1"]
[BlackTeam "Cambridge University 1"]

1. e4 g6 2. d4 Bg7 3. Nc3 d6 4. Be3 c6 5. Qd2 Nd7 6. h4 h5 7. Nh3 b5 8. Ng5 Qc7
9. a4 b4 10. Ne2 a5 11. Nf4 Nb6 12. Bd3 e5 13. dxe5 dxe5 14. Ne2 Nf6 15. c3
bxc3 16. Qxc3 O-O 17. O-O Nh7 18. Rfc1 Nxg5 19. hxg5 Bd7 20. Bb5 Rfc8 21. Qc5
Bf8 22. Qxb6 Qxb6 23. Bxb6 cxb5 24. axb5 Rxc1+ 25. Rxc1 Bxb5 26. Nc3 Bc6 27.
Nd5 Bxd5 28. exd5 Be7 29. Ra1 a4 30. Bc7 Bxg5 31. b4 Bd8 32. d6 Rc8 33. b5 Bxc7
34. Rc1 1-0

[Event "4NCL"]
[Site "Barcelo Hotel, Hinckley Island"]
[Date "2011.01.15"]
[Round "3.17"]
[White "Moskovic, David M"]
[Black "Arutyunova, Diana"]
[Result "1-0"]
[WhiteElo "2293"]
[BlackElo "2304"]
[PlyCount "99"]
[EventDate "2011.??.??"]
[WhiteTeam "Cambridge University 1"]
[BlackTeam "e2e4.org.uk 1"]

1. e4 d6 2. Nc3 Nf6 3. f4 e5 4. Nf3 Bg4 5. h3 Bxf3 6. Qxf3 g6 7. fxe5 dxe5 8.
Bc4 Bg7 9. d3 h6 10. O-O c6 11. Be3 Nbd7 12. Qg3 Qe7 13. a4 a5 14. Rf3 O-O-O
15. Ne2 Nh5 16. Qe1 Nf4 17. Nxf4 exf4 18. Bxf4 Ne5 19. Bxe5 Qxe5 20. c3 f6 21.
Qg3 Qxg3 22. Rxg3 g5 23. Rf3 Rhe8 24. Re1 Re7 25. d4 Kc7 26. Rf5 Rde8 27. Bd3
b6 28. Kf2 Rd8 29. Re3 Kd6 30. Kf3 h5 31. h4 Kc7 32. Kf2 gxh4 33. Rxh5 Rh8 34.
Rxh8 Bxh8 35. Rh3 Rh7 36. Kf3 c5 37. g3 cxd4 38. cxd4 Rd7 39. Ke3 Rg7 40. gxh4
Rg8 41. h5 Kd7 42. b3 Ke7 43. Bc4 Rg4 44. h6 f5 45. e5 Re4+ 46. Kd3 Rg4 47. h7
Rg6 48. Ke3 Kf8 49. Rh5 Kg7 50. d5 1-0

[Event "4NCL"]
[Site "Barcelo Hotel, Hinckley Island"]
[Date "2011.01.15"]
[Round "3.17"]
[White "Hulmes, David I"]
[Black "Bisby, Daniel L"]
[Result "1-0"]
[WhiteElo "2255"]
[BlackElo "2306"]
[PlyCount "95"]
[EventDate "2011.??.??"]
[WhiteTeam "e2e4.org.uk 1"]
[BlackTeam "Cambridge University 1"]

1. e4 g6 2. d4 Bg7 3. Nc3 d6 4. f4 a6 5. Nf3 b5 6. Bd3 Bb7 7. e5 Nh6 8. Ne4 c5
9. dxc5 dxe5 10. fxe5 Ng4 11. Neg5 Nxe5 12. Nxe5 Bxe5 13. Bxb5+ Nc6 14. Qxd8+
Rxd8 15. Bc4 O-O 16. Nf3 Bg7 17. c3 e5 18. Bg5 Rd7 19. Rd1 Rxd1+ 20. Kxd1 e4
21. Nd2 Ne5 22. Rf1 h6 23. Bf4 Nxc4 24. Nxc4 f5 25. Bd6 Re8 26. Ne3 Be5 27.
Bxe5 Rxe5 28. b4 Kf7 29. Kc2 Ke6 30. g3 g5 31. Kb3 h5 32. h4 gxh4 33. gxh4 Kf6
34. Kc4 Bc6 35. Kd4 Bb5 36. Rf2 Bd7 37. Nd5+ Ke6 38. Nf4+ Kf6 39. Nxh5+ Ke6 40.
Nf4+ Kf6 41. Nd5+ Ke6 42. Ne3 Be8 43. c4 Bh5 44. c6 Be8 45. c7 Bd7 46. h5 f4
47. Rxf4 Rxh5 48. Rf8 1-0

[Event "4NCL"]
[Site "Barcelo Hotel, Hinckley Island"]
[Date "2011.01.15"]
[Round "3.17"]
[White "Pinter, Gabor"]
[Black "Mladenov, Ilian"]
[Result "1/2-1/2"]
[WhiteElo "2363"]
[BlackElo "2194"]
[PlyCount "180"]
[EventDate "2011.??.??"]
[WhiteTeam "Cambridge University 1"]
[BlackTeam "e2e4.org.uk 1"]

1. e4 e5 2. Nf3 d6 3. d4 Nd7 4. Bc4 c6 5. O-O Be7 6. Nc3 Ngf6 7. Re1 O-O 8. a4
a5 9. b3 Qc7 10. h3 Re8 11. Bb2 h6 12. Nh4 Bf8 13. Qd2 Nb6 14. Bf1 Be6 15. f4
Rad8 16. Rad1 Bc8 17. g4 Nfd7 18. Nf3 exd4 19. Nxd4 Nc5 20. Bg2 Nbd7 21. Kh1
Qb6 22. Bf3 Ne6 23. Nce2 Nxd4 24. Nxd4 Nc5 25. Bc3 Qc7 26. Bxa5 b6 27. Bc3 Bb7
28. a5 Ra8 29. Nf5 Re6 30. Qd4 Rg6 31. h4 Ne6 32. Qe3 Nc5 33. h5 Re6 34. Qd4 f6
35. axb6 Qxb6 36. Qc4 Ba6 37. Qd4 Rae8 38. b4 Nd7 39. Ra1 c5 40. bxc5 Nxc5 41.
Kg2 Bb7 42. Qc4 Kh7 43. Ba5 Qa6 44. Qxa6 Bxa6 45. Nd4 R6e7 46. Nc6 Rd7 47. e5
fxe5 48. fxe5 Bb7 49. exd6 Rxe1 50. Rxe1 Rxd6 51. Ne7 Bxf3+ 52. Kxf3 Rf6+ 53.
Kg2 Ne6 54. Bb4 Nf4+ 55. Kg3 g6 56. Nxg6 Nxg6 57. hxg6+ Kxg6 58. Bxf8 Rxf8 59.
Re6+ Kg7 60. Re5 Kg6 61. Rc5 Rf1 62. Rc3 Kg5 63. Rc5+ Kg6 64. Rd5 Rc1 65. Rc5
Rf1 66. c3 Kf6 67. Rd5 Rc1 68. Rf5+ Kg6 69. Rf3 Kg5 70. Rf5+ Kg6 71. Rc5 Rf1
72. c4 Rg1+ 73. Kf3 Rf1+ 74. Kg2 Rf4 75. Kg3 Rf1 76. Rd5 Rc1 77. c5 Rc4 78. Kh4
Rc3 79. Rd6+ Kh7 80. c6 Kg7 81. Re6 Kh7 82. Rf6 Kg7 83. Rd6 Re3 84. g5 hxg5+
85. Kxg5 Kf7 86. Kf5 Ke7 87. Rh6 Rc3 88. Re6+ Kd8 89. Ke5 Rc1 90. Kd5 Rd1+
1/2-1/2

[Event "4NCL"]
[Site "Barcelo Hotel, Hinckley Island"]
[Date "2011.01.15"]
[Round "3.17"]
[White "Byron, Alan M"]
[Black "Pickard, Charles"]
[Result "1/2-1/2"]
[WhiteElo "2192"]
[BlackElo "2134"]
[PlyCount "39"]
[EventDate "2011.??.??"]
[WhiteTeam "e2e4.org.uk 1"]
[BlackTeam "Cambridge University 1"]

1. c4 e5 2. g3 g6 3. Bg2 Bg7 4. Nc3 d6 5. e4 Nc6 6. Nge2 Nge7 7. O-O O-O 8. d3
Be6 9. Nd5 Qd7 10. Bh6 f6 11. Bxg7 Kxg7 12. d4 Rf7 13. Ne3 Nxd4 14. Nxd4 exd4
15. Qxd4 Bh3 16. Qc3 Bxg2 17. Kxg2 Re8 18. Rad1 Qe6 19. f3 Qe5 20. Qxe5 1/2-1/2

[Event "4NCL"]
[Site "Barcelo Hotel, Hinckley Island"]
[Date "2011.01.15"]
[Round "3.17"]
[White "Shridhar Mitesh"]
[Black "Josse, Mark"]
[Result "1-0"]
[WhiteElo "2118"]
[BlackElo "2159"]
[PlyCount "173"]
[EventDate "2011.??.??"]
[WhiteTeam "Cambridge University 1"]
[BlackTeam "e2e4.org.uk 1"]

1. e4 c5 2. c3 Nf6 3. e5 Nd5 4. d4 cxd4 5. Nf3 e6 6. cxd4 d6 7. Bc4 Nc6 8. O-O
Be7 9. Qe2 O-O 10. Rd1 b6 11. Bd2 Bb7 12. Nc3 Nxc3 13. Bxc3 d5 14. Bd3 Nb4 15.
Bb1 a5 16. Qe3 Ba6 17. a3 Nc6 18. Qf4 Be2 19. Re1 Bxf3 20. Qxf3 g6 21. Bd3 Rb8
22. Qe2 Na7 23. Qd2 Nc6 24. Bb5 Na7 25. Ba4 Qc8 26. Rec1 Qb7 27. Bd1 Rfc8 28.
Be2 Rc7 29. Qd3 Rbc8 30. Qa6 Bg5 31. Qxb7 Rxb7 32. Rf1 Rbb8 33. f4 Bd8 34. a4
Be7 35. Ba6 Rc7 36. Rac1 Nc6 37. Bd2 Ra8 38. Bb5 Rac8 39. Be3 Nb4 40. Rxc7 Rxc7
41. g4 Nc2 42. Bf2 Bb4 43. Rd1 Be7 44. Kg2 Nb4 45. Rd2 Rc2 46. Rxc2 Nxc2 47. f5
Bg5 48. Bd7 exf5 49. gxf5 Ne3+ 50. Kf3 Nxf5 51. Bxf5 gxf5 52. h4 Bc1 53. Be3
Bxb2 54. Kf4 Kf8 55. Kxf5 Ke7 56. h5 Bc3 57. Kg5 b5 58. axb5 a4 59. b6 Kd7 60.
Kf6 a3 61. Kxf7 a2 62. e6+ Kc6 63. e7 a1=Q 64. e8=Q+ Kxb6 65. Qb8+ Kc6 66. Qc8+
Kb6 67. Qc5+ Ka6 68. Qc6+ Ka7 69. Qxd5 Qf1+ 70. Kg8 Qd3 71. Qc5+ Kb7 72. d5 Bd2
73. Qc6+ Kb8 74. Bxd2 Qxd2 75. Kxh7 Qd3+ 76. Kg7 Qg3+ 77. Kh7 Qd3+ 78. Kg8 Qg3+
79. Qg6 Qb3 80. Qd6+ Kc8 81. h6 Qf3 82. Qe6+ Kd8 83. Qf7 Qg3+ 84. Kh8 Qe5+ 85.
Qg7 Qf5 86. d6 Ke8 87. Qe7# 1-0

[Event "4NCL"]
[Site "Barcelo Hotel, Hinckley Island"]
[Date "2011.01.15"]
[Round "3.17"]
[White "Talbot, Andrew R"]
[Black "Chevannes, Sabrina L"]
[Result "1-0"]
[WhiteElo "2139"]
[BlackElo "2062"]
[PlyCount "79"]
[EventDate "2011.??.??"]
[WhiteTeam "e2e4.org.uk 1"]
[BlackTeam "Cambridge University 1"]

1. d4 d5 2. c4 e6 3. Nc3 Nf6 4. Nf3 c6 5. Bg5 Nbd7 6. e3 Be7 7. Qc2 O-O 8. Rd1
b6 9. a3 Ba6 10. Qa4 Bxc4 11. Bxc4 dxc4 12. Qxc4 Rc8 13. b4 Nd5 14. Bxe7 Qxe7
15. O-O Nxc3 16. Qxc3 Nf6 17. Rc1 c5 18. dxc5 bxc5 19. bxc5 Ne4 20. Qb4 Nxc5
21. Rc4 a5 22. Qxa5 Nb7 23. Qb4 Qxb4 24. Rxb4 Nd6 25. e4 Rc3 26. a4 Rc4 27.
Rxc4 Nxc4 28. Rc1 Na5 29. e5 h6 30. Kf1 Ra8 31. Ke2 Kf8 32. Nd4 Rd8 33. Ke3 Ke8
34. Rc5 Nb7 35. Rb5 Rd7 36. a5 Nd8 37. Rb8 Ke7 38. a6 g6 39. Rxd8 Kxd8 40. Nc6+
1-0

[Event "4NCL"]
[Site "Barcelo Hotel, Hinckley Island"]
[Date "2011.01.15"]
[Round "3.18"]
[White "Savage, Ben DM"]
[Black "Wells, Peter K"]
[Result "1/2-1/2"]
[WhiteElo "2289"]
[BlackElo "2487"]
[PlyCount "86"]
[EventDate "2011.??.??"]
[WhiteTeam "Oxford 1"]
[BlackTeam "White Rose 1"]

1. d4 Nf6 2. c4 e6 3. Nc3 Bb4 4. Qc2 O-O 5. a3 Bxc3+ 6. Qxc3 Ne4 7. Qc2 f5 8.
Nh3 d6 9. f3 Nf6 10. e3 e5 11. dxe5 dxe5 12. Bd2 Qe7 13. Be2 c5 14. Nf2 Nc6 15.
Bc3 Nh5 16. g3 f4 17. gxf4 exf4 18. e4 Rd8 19. Bd3 Nd4 20. Bxd4 Rxd4 21. O-O-O
Qe5 22. Rd2 Be6 23. Rhd1 Rad8 24. Bf1 Nf6 25. Rxd4 Rxd4 26. Rxd4 Qxd4 27. Qd2
Qxd2+ 28. Kxd2 Nd7 29. Bh3 Bxh3 30. Nxh3 Ne5 31. Nxf4 Nxc4+ 32. Kc3 Ne5 33. Nd3
Nxf3 34. Nxc5 b6 35. Nd3 Nxh2 36. Kd4 Kf7 37. Kd5 Ng4 38. e5 h5 39. e6+ Ke7 40.
Nf4 Ne3+ 41. Ke5 Ng4+ 42. Kd5 Nf6+ 43. Ke5 Ng4+ 1/2-1/2

[Event "4NCL"]
[Site "Barcelo Hotel, Hinckley Island"]
[Date "2011.01.15"]
[Round "3.18"]
[White "McNab, Colin A"]
[Black "Zakarian, David"]
[Result "0-1"]
[WhiteElo "2454"]
[BlackElo "2362"]
[PlyCount "90"]
[EventDate "2011.??.??"]
[WhiteTeam "White Rose 1"]
[BlackTeam "Oxford 1"]

1. Nf3 c5 2. c4 Nc6 3. g3 e5 4. Nc3 g6 5. Bg2 Bg7 6. d3 Nge7 7. Bg5 f6 8. Bd2
O-O 9. a3 a5 10. O-O d6 11. Ne1 Be6 12. Nd5 Rb8 13. b4 axb4 14. axb4 Bxd5 15.
cxd5 Nxb4 16. Bxb4 cxb4 17. Qb3 Qb6 18. Ra4 Qc5 19. Rxb4 b5 20. d4 Qb6 21. dxe5
fxe5 22. Be4 Bh6 23. Nf3 Rfc8 24. Nxe5 dxe5 25. d6+ Kg7 26. Rd1 Ng8 27. Qe6 Re8
28. Qd7+ Kh8 29. Qc6 Bf8 30. d7 Red8 31. Rb3 Qxc6 32. Bxc6 b4 33. Ra1 Ne7 34.
Ba4 Nd5 35. Bc6 Nc3 36. Kf1 Rb6 37. Ra8 Be7 38. Rc8 Kg7 39. f4 Kf6 40. e3 Ke6
41. Bf3 Kxd7 42. Bg4+ Ke8 43. Rcxc3 bxc3 44. Rxb6 c2 45. Rc6 Rd1+ 0-1